LEADER 01138nam a22002651i 4500 001 991000288399707536 005 20040805155949.0 008 040920s1999 it |||||||||||||||||ita 035 $ab13200665-39ule_inst 035 $aARCHE-114690$9ExL 040 $aSet. Economia$bita$cA.t.i. Arché s.c.r.l. Pandora Sicilia s.r.l. 082 04$a334 100 1 $aSangalli, Flavio$0108392 245 13$aLa cooperativa eccellente :$bcome gestire con successo le imprese sociali attraverso il management per priorità e per processi, la pianificazione imprenditoriale e le reti cooperative /$cFlavio Sangalli ; prefazione di Stefano Zamagni 260 $aMilano :$bIl sole-24 ore,$c1999 300 $aXVIII, 189 p. ;$c24 cm 440 0$aProfessione impresa 650 4$aCooperative 700 1 $aZamagni, Stefano 907 $a.b13200665$b02-04-14$c23-09-04 912 $a991000288399707536 945 $aLE025 LIB B 1818 [smarrito]$g1$i2025000184510$lle025$nC. 1$o-$pE0.00$q-$rl$sm $t0$u0$v0$w0$x0$y.i13854884$z23-09-04 996 $aCooperativa eccellente$91103333 997 $aUNISALENTO 998 $ale025$b23-09-04$cm$da $e-$fita$git $h3$i1